|
|
|
|
| LEADER |
00000nam a2200000 a 4500 |
| 005 |
20110729150856.0 |
| 008 |
100910s2009 spc|||||s|||||000 | spa|c |
| 020 |
|
|
|a 9788498497410
|
| 035 |
|
|
|a 4998
|
| 040 |
|
|
|d vLex
|
| 043 |
|
|
|a e-sp---
|b e-sp---
|2 catmarc
|
| 080 |
|
|
|a 656
|
| 090 |
|
|
|c 2244
|d 2244
|
| 100 |
1 |
|
|a Padrs̤, Carlos
|
| 245 |
1 |
0 |
|a Intervencin̤ pb︢lica en el sector de las empresas concesionarias de autopistas
|h [Recurso electrn̤ico] :
|b el caso Abertis - Autostrade /
|c Carlos Padrs̤ Reig, Endrius Eliseo Cocciolo
|
| 256 |
|
|
|a Servicio en ln̕ea.
|
| 260 |
|
|
|a Barcelona :
|b Dykinson,
|c 2009
|
| 300 |
|
|
|a 1 recurso electrn̤ico (251 p.) ;
|c 24 cm
|
| 504 |
|
|
|a Bibliografa̕ p. 245-251
|
| 506 |
1 |
|
|a Contenido solo disponible en los productos indicados
|d vLex Global
|d vLex Global (Academic Edition, excluding Law Schools)
|d vLex Global (U.S. Academic Edition, Law Schools)
|d vLex Global (U.S. Academic Edition, excluding Law Schools)
|d vLex Global (Academic Edition, Law Schools)
|
| 610 |
2 |
4 |
|a Abertis Infraestructuras
|
| 610 |
2 |
4 |
|a Autostrade (Firma)
|
| 650 |
0 |
7 |
|a Control de la administracin̤
|2 Tesauro vLex
|
| 650 |
0 |
7 |
|a Intervencin̤ administrativa
|x Tesauro vLex
|
| 650 |
0 |
7 |
|a Autorizaciones, concesiones y licencias
|2 Tesauro vLex
|
| 700 |
1 |
|
|a Cocciolo, Endrius,
|d 1976-
|
| 740 |
0 |
|
|a vLex Libros (Servicio en ln̕ea)
|
| 856 |
4 |
0 |
|z Acceso restringido
|u http://vlex.com/source/intervencion-publica-empresas-concesionarias-autopistas-4998
|
| 942 |
|
|
|c BOOK
|